Chemical properties handbook : physical, thermodynamic, environmental, transport, safety, and health related properties for organic and inorganic chemicals /

Kaydedildi:
Detaylı Bibliyografya
Yazar: Yaws, Carl L.
Materyal Türü: Kitap
Dil:English
Baskı/Yayın Bilgisi: New York : McGraw-Hill, 1999.
Konular:
Etiketler: Etiketle
Etiket eklenmemiş, İlk siz ekleyin!
Thư viện lưu trữ: Mạng thư viện Đại học Đà Nẵng
LEADER 00972cam a2200325 i 4500
001 000046412
003 5879
005 20030217154542.0
008 010220|1999 vm 000 eng
020 |a 0070734011 
040 |a IRC  |c IRC  |d IRC 
041 0 |a eng 
082 1 4 |a 660.021  |b YA-C 
100 1 |a Yaws, Carl L. 
245 0 0 |a Chemical properties handbook :  |b physical, thermodynamic, environmental, transport, safety, and health related properties for organic and inorganic chemicals /  |c Carl L. Yaws. 
260 |a New York :  |b McGraw-Hill,  |c 1999. 
300 |a vii, 779p. :  |b ill. 
630 0 4 |a Chemicals. 
650 0 4 |a Chemicals  |v Handbooks, manuals, etc. 
650 0 4 |a Chemicals  |x Safety measures  |v Handbooks, manuals, etc. 
OWN |a DUT 
999 |a From the UDN01 
TYP |a Monograph 
TYP |a Printed language 
980 |a Mạng thư viện Đại học Đà Nẵng